<?xml version="1.0" encoding="UTF-8"?>
<record
    xmlns:xsi="http://www.w3.org/2001/XMLSchema-instance"
    xsi:schemaLocation="http://www.loc.gov/MARC21/slim http://www.loc.gov/standards/marcxml/schema/MARC21slim.xsd"
    xmlns="http://www.loc.gov/MARC21/slim">

  <leader>01584nam a22001457a 4500</leader>
  <datafield tag="999" ind1=" " ind2=" ">
    <subfield code="c">64780</subfield>
    <subfield code="d">64777</subfield>
  </datafield>
  <datafield tag="082" ind1=" " ind2=" ">
    <subfield code="a">R/IMS-19</subfield>
    <subfield code="a">13-12MS(IT)-28</subfield>
  </datafield>
  <datafield tag="100" ind1=" " ind2=" ">
    <subfield code="a">Buller, Rafique Ahmed </subfield>
    <subfield code="a">13-12MS(IT)-28</subfield>
    <subfield code="a">Supervisor - Dr.  Zahid Hussain Abro</subfield>
  </datafield>
  <datafield tag="245" ind1=" " ind2=" ">
    <subfield code="a">Analysing the Usability of Eductional Boards Websites of Sindh Province</subfield>
  </datafield>
  <datafield tag="260" ind1=" " ind2=" ">
    <subfield code="a">Nawabshah:</subfield>
    <subfield code="b">QUEST,</subfield>
    <subfield code="c">2019.</subfield>
  </datafield>
  <datafield tag="300" ind1=" " ind2=" ">
    <subfield code="a">50p</subfield>
  </datafield>
  <datafield tag="500" ind1=" " ind2=" ">
    <subfield code="a">ABSTRACT

With the widespread use of the Internet technology every government organization maintains its own website. Although there is little work done for the usability evaluation of Pakistani educational websites but it seems that no work has been conducted for Pakistani Boards of Intermediate and Secondary Education (BISE) websites, particularly,  the ones in the Sindh province. Through these websites, secondary and higher secondary results are announced it means that man) users visit these websites. Keeping in mind he massive youth population of Sindh province, there was need to evaluate the usefulness of these websites for providing the better services to their intended users. In this research study, usability evaluation of these websites was conducted through expert review and a questionnaire. Through expert review many usability problems were found. As the results show that man) usability problems do exist in these websites so these need to be fixed in order to provide better service to their targeted users.

Keywords: BISE, Expert Evaluation, SUS Questionnaire, User Preference
</subfield>
  </datafield>
  <datafield tag="700" ind1=" " ind2=" ">
    <subfield code="a">Department 0f Information technology</subfield>
  </datafield>
  <datafield tag="856" ind1=" " ind2=" ">
    <subfield code="u">http://tinyurl.com/3m2bswx4</subfield>
  </datafield>
  <datafield tag="942" ind1=" " ind2=" ">
    <subfield code="c">THESIS</subfield>
  </datafield>
  <datafield tag="952" ind1=" " ind2=" ">
    <subfield code="0">0</subfield>
    <subfield code="1">0</subfield>
    <subfield code="4">0</subfield>
    <subfield code="7">0</subfield>
    <subfield code="a">RESEARCH</subfield>
    <subfield code="b">REF</subfield>
    <subfield code="d">2019-07-01</subfield>
    <subfield code="l">0</subfield>
    <subfield code="p">MP/44-499</subfield>
    <subfield code="r">2019-07-01 00:00:00</subfield>
    <subfield code="y">THESIS</subfield>
  </datafield>
  <datafield tag="952" ind1=" " ind2=" ">
    <subfield code="0">0</subfield>
    <subfield code="1">0</subfield>
    <subfield code="4">0</subfield>
    <subfield code="7">0</subfield>
    <subfield code="a">RESEARCH</subfield>
    <subfield code="b">RESEARCH</subfield>
    <subfield code="d">2023-12-20</subfield>
    <subfield code="l">0</subfield>
    <subfield code="p">MP/53-660</subfield>
    <subfield code="r">2023-12-20 00:00:00</subfield>
    <subfield code="w">2023-12-20</subfield>
    <subfield code="y">THESIS</subfield>
  </datafield>
</record>
